000 006040000a22001570004500
082 0 4 _aR 220.3 K789d
100 1 _aKogler, Franz (Dir.)
245 1 0 _aDiccionario de la biblia / Dirigido por Franz Kogler , Renate Egger-Wenzel y Michael Ernst ; traducido por José Manuel Lozano-Gotor Perona
260 _aBilbao : Mensajero ; Maliaño, Cantabria : Sal Terrae
300 _a871 p.
500 _aTitulo original en inglés: Herders neues bibellexikon \ Incluye lista de abreviaturas, Tabla cronológica y mapas
501 _apasta dura
650 1 4 _aBIBLIA - DICCIONARIOS
001 18025
942 _cBK
999 _c44518
_d44518